Datum a čas kvízu
16
Celkem bodů
Celkový počet nahraných bodů na tomto kvízu bez doplňovacích otázek.
11.
Pořadí na kvízu
Konečné umístění týmu na tomto kvízu.
Zaznamenané odpovědi
| # | Otázka | Odpověď | Body | Výsledky |
|---|---|---|---|---|
| 1. | V neděli byla slavnostně otevř... | sv. Jakub | 0 | |
| 2. | V úterý byla slavnostně spuště... | Etiopie | 0 | |
| 3. | Ve čtvrtek měla v českých kin... | Srnky | 1 | |
| 4. | 81letý americký podnikatel Lar... | Oracle | 1 | |
| 5. | V sobotu byl slavnostně zaháje... | atletika; Tokio | 0.5 | |
| 6. | V tomto tématu se budeme zabýv... | děda - vnuk | 0 | |
| 7. | Chronologicky seřaďte vybrané... | 1D 2B 3C 4A | 0 | |
| 8. | Která z uvedených osobností je... | C | 0 | |
| 9. | V této otázce nás bude zajímat... | Přemysl Otakar I. | 0 | |
| 10. | Přiřaďte příbuzenské vztahy vy... | 1B 2D 3A 4C | 1 |